General Course of Failure Distributions at Complex Machineries

Priebeh zlyhania komplikovaného zariadenia. Grafické a matematické hodnotenie.

Salvato in:
Dettagli Bibliografici
Autore principale: Daneshjo, Naqibullah, 1964-
Altri autori: Danishjoo, Enayat
Natura: Capitolo di libro
Lingua:inglese
Soggetti:
Tags: Aggiungi Tag
Nessun Tag, puoi essere il primo ad aggiungerne!!

MARC

LEADER 00000naa a2200000 4500
001 0231352
005 20240502083621.0
041 0 |a eng 
044 |a RS 
245 1 0 |a General Course of Failure Distributions at Complex Machineries  |c Naqibullah Daneshjo, Enayat Danishjoo 
520 |a Priebeh zlyhania komplikovaného zariadenia. Grafické a matematické hodnotenie. 
610 2 0 |a zariadenia výrobné 
610 2 0 |a spoľahlivosť výrobkov 
610 2 0 |a stroje 
610 2 0 |a údržba 
100 1 |a Daneshjo, Naqibullah, 1964- 
700 1 |a Danishjoo, Enayat